Indonesia : A survey of U. S. business opportunities
Đã lưu trong:
| 格式: | 图书 |
|---|---|
| 语言: | Undetermined |
| 出版: |
Washington
U. S. Department of Commerce
1977
|
| 主题: | |
| 标签: |
添加标签
没有标签, 成为第一个标记此记录!
|
| Thư viện lưu trữ: | Trung tâm Học liệu Trường Đại học Cần Thơ |
|---|
| LEADER | 00543nam a2200181Ia 4500 | ||
|---|---|---|---|
| 001 | CTU_107737 | ||
| 008 | 210402s9999 xx 000 0 und d | ||
| 082 | |a 330.09598 | ||
| 082 | |b I.41 | ||
| 245 | 0 | |a Indonesia : | |
| 245 | 2 | |b A survey of U. S. business opportunities | |
| 260 | |a Washington | ||
| 260 | |b U. S. Department of Commerce | ||
| 260 | |c 1977 | ||
| 650 | |a Market surveys,Industries,Market surveys | ||
| 650 | |z Indonesia,Indonesia,Indonesia | ||
| 904 | |i Bạch Trúc | ||
| 980 | |a Trung tâm Học liệu Trường Đại học Cần Thơ | ||